| 000 | 00702nam a2200193Ia 4500 | ||
|---|---|---|---|
| 003 | GCL | ||
| 008 | 140319s9999 xx 000 0 ara d | ||
| 040 |
_aGCL / _cGCL |
||
| 082 | 0 | 4 |
_a219.1 _bم م |
| 100 | 1 | _aمحمد الغزالى | |
| 245 | 1 | 0 |
_aمعركة المصحف فى العالم الاسلامى / _cمحمد الغزالى |
| 260 |
_aالقاهرة : _bنهضة مصر للطباعة والنشر والتوزيع ، _c1996 |
||
| 300 |
_a259 ص ؛ _c24 سم |
||
| 650 | 0 | 4 | _aالاسلام |
| 650 | 0 | 4 | _aالاسلام والاصلاح الاجتماعى |
| 650 | 0 | 4 | _aالاسلام والاصلاح السياسى |
| 650 | 0 | 4 | _aالاسلام - دفع مطاعن |
| 942 |
_2ddc _cBK |
||
| 999 |
_c49372 _d49372 |
||